header

Living through crises (Record no. 90388)

MARC details
000 -LEADER
fixed length control field 01549nam a2200397 a 4500
082 04 - DEWEY DECIMAL CLASSIFICATION NUMBER
Classification number 339.4/6
245 00 - TITLE STATEMENT
Title Living through crises
260 ## - PUBLICATION, DISTRIBUTION, ETC. (IMPRINT)
Place of publication Washington, D.C. :
Name of publisher World Bank,
Year of publication c2012.
300 ## - PHYSICAL DESCRIPTION
Number of Pages xxvii, 272 p. :
Other physical details ill.
490 1# - SERIES STATEMENT
Series statement New frontiers of social policy
650 #0 - SUBJECT ADDED ENTRY--TOPICAL TERM
Topical Term Poor.
Topical Term Cost and standard of living.
Topical Term Financial crises
Topical Term Global Financial Crisis, 2008-2009
700 1# - ADDED ENTRY--PERSONAL NAME
Personal name Heltberg, Rasmus.
Personal name Hossain, Naomi.
Personal name Reva, Anna.
856 40 - ELECTRONIC LOCATION AND ACCESS
Uniform Resource Identifier http://site.ebrary.com/lib/rucke/Doc?id=10553379

No items available.

© 2026 Rongo University
Contact us: librarian | system librarian | Rongo university